000 00522nam a2200181Ia 4500
005 20250508154943.0
008 008 250505s9999 xx 000 0 eng d
037 _aBooks to be hide in OPAC
040 _aFEDL
_beng
_cFEDL
041 _aeng
_2eng
084 _a362.7, ICH/O
_qFEDL
245 0 _aChildren's annual: The children's day 14th November, 1965
245 4 _cThe Indian Council for Child Welfare
260 _c1965
300 _a89p.
942 _cHB
_h362.7, ICH/O
999 _c1353095
_d1353095